000 00648cam a2200181 i 4500
005 20251130102516.0
008 250721s2003 ts gr 000 0 ara d
082 1 4 _a212
_bق ي س
100 1 _aالقيسية، محمود أحمد
_eمؤلف.
245 1 0 _aقطوف دانية من الكتاب والسنة /
_cالدكتور محمود أحمد القيسية.
264 1 _aأبو ظبي :
_bمؤسسة النداء،
_c2003.
300 _a85 صفحة.
650 1 7 _aالأخلاق الإسلامية.
650 1 7 _aالفضائل.
650 1 7 _aالآداب الإسلامية.
942 _2ddc
_cBK
999 _c87146
_d87146